000 00829nam a2200217 i 4500
001 35040
003 ES-MaACL
005 20250723100700.0
007 t|
008 030211s1949 sp ||||1| spa d
100 1 _aBotella Llusiá, José,
_d1912-2002
_930758
245 1 0 _aEndocrinología de la mujer /
_cciclo de conferencias que sobre este tema desarrolla José Botella Llusiá ; tomadas taquigraficamente por Chaminade y corregidas por el autor.
260 _aMadrid :
_bLibros Técnicos,
_c1949.
300 _a2 v. ;
_c16 cm.
500 _aEjemplar multicopia.
500 _aPrecede al tít.: Facultad de Medicina de Madrid.
650 4 _aEndocrinología ginecológica.
_9166160
710 2 0 _aUniversidad de Madrid.
_bFacultad de Medicina
_97215
852 4 _aES-MaACL
_jD-6717-18
999 _c35040
_d35040